Obras completas.

Збережено в:
Бібліографічні деталі
Автор: Juana Inés de la Cruz. Sor (autor)
Інші автори: Monterde, Francisco, 1894-1985, pról (autor) pról, (autor)
Формат: Книга
Мова:Іспанська
Редагування:12a edición
Серія:(Sepan cuantos...; 100)
Предмети:
Теги: Додати тег
Немає тегів, Будьте першим, хто поставить тег для цього запису!

MARC

LEADER 00000nam^a2200000^u^4500
001 000518678
005 20260320000000.0
008 110825s1000^^^^^^^^^^^^r^^^^^000^0^spa^d
009 20260407174214.015
022 |a 9700727696 
035 |a FCE 000062909 
037 |a Acervo ITESO - Biblioteca 
041 |a spa 
082 0 4 |a 861.1  |b JUAo 
100 |a Juana Inés de la Cruz. Sor  |1 651-1695  |e (autor) 
245 1 0 |a Obras completas. 
250 |a 12a edición 
264 |a México:  |b Porrúa,  |c 2001. 
300 |a 941 p. 
336 |a texto  |b txt  |2 rdacontenido 
337 |a sin mediación  |b n  |2 rdamedio 
338 |a volumen  |b nc  |2 rdasoporte 
440 1 |a (Sepan cuantos...; 100) 
649 |a XX 
650 |a Poesía mexicana 
700 |a Monterde, Francisco,  |d 1894-1985,  |e pról  |e (autor) 
910 |a Fondo Centro de Estudios Educativos 
920 |a Impresos - Libros 
930 |a Fondos Especiales 
940 |a Literatura 
905 |a 133 
901 |a ALE071097  |b IT2  |c CEE  |u 20250521 
902 |a https://opac.biblio.iteso.mx/vufind/Record/000518678